[Event "chess.com Speed 3m+1spm 2018"]
[Site "chess.com INT"]
[Date "2018.08.30"]
[Round "1.15"]
[White "Andriasian, Zaven"]
[Black "Vidit, Santosh Gujrathi"]
[Result "0-1"]
[WhiteTitle "GM"]
[BlackTitle "GM"]
[WhiteElo "2591"]
[BlackElo "2718"]
[WhiteFideId "13302000"]
[BlackFideId "5029465"]
[EventDate "2018.07.24"]

1. e4 e5 2. Nf3 Nc6 3. Bc4 Bc5 4. d3 Nf6 5. O-O O-O 6. Nbd2 d6 7. c3 a5 8. h3 h6
9. Re1 Be6 10. Bb5 Qb8 11. Nh2 Ne7 12. Ndf3 c6 13. Ba4 b5 14. Bc2 Ng6 15. d4 Bb6
16. Be3 Re8 17. a4 Qc7 18. Nf1 Rad8 19. axb5 cxb5 20. Ng3 a4 21. Bd3 Bc4 22. Qc2
exd4 23. Bxd4 Bxd4 24. Nxd4 Qc5 25. Rad1 Ne5 26. Bxc4 Nxc4 27. Ndf5 Re5 28. Rd4
Rde8 29. Red1 R5e6 30. Kh2 Qe5 31. Qc1 Qc5 32. Kg1 Nxe4 33. Qc2 Nxg3 34. Nxg3
Qc6 35. Kh2 Re5 36. Rg4 d5 37. Qc1 Kh7 38. Qf4 Qe6 39. Qf3 f5 40. Rgd4 Nxb2 41.
Rb1 a3 42. Rb4 Rb8 43. Ra1 Nc4 44. Qf4 g5 45. Qf3 f4 46. Nh5 Qg6 47. Qg4 Re7 48.
Rd1 Ne5 49. Qe2 f3 50. Qd2 Qxh5 51. Qxd5 Rbe8 52. g3 Qg6 53. Re4 Nc4 54. Rxe7+
Rxe7 55. Qa8 Ne5 56. Rd8 Qf6 57. Qe4+ Ng6 58. Qd5 Qe6 59. Qd4 a2 60. Ra8 Rd7 61.
Qb4 Qe2 62. Qc5 Qf1 63. Rh8+ Kxh8 0-1

[Event "chess.com Speed 3m+1spm 2018"]
[Site "chess.com INT"]
[Date "2018.08.30"]
[Round "1.16"]
[White "Vidit, Santosh Gujrathi"]
[Black "Andriasian, Zaven"]
[Result "0-1"]
[WhiteTitle "GM"]
[BlackTitle "GM"]
[WhiteElo "2718"]
[BlackElo "2591"]
[WhiteFideId "5029465"]
[BlackFideId "13302000"]
[EventDate "2018.07.24"]

1. e4 c5 2. Nf3 d6 3. d4 cxd4 4. Nxd4 Nf6 5. Nc3 a6 6. h3 e5 7. Nde2 h5 8. g3
Be7 9. Bg2 Nbd7 10. a4 b6 11. Nd5 Bb7 12. Nec3 Nxd5 13. Nxd5 h4 14. O-O Nf6 15.
Nxe7 Qxe7 16. Bg5 Qe6 17. Qd3 hxg3 18. fxg3 Nd7 19. Rad1 Nc5 20. Qxd6 Qxd6 21.
Rxd6 Bxe4 22. Rxb6 Bxg2 23. Kxg2 Nxa4 24. Rc6 f6 25. Be3 Kd7 26. Rc4 Nxb2 27.
Rg4 Rac8 28. Rxg7+ Ke6 29. Ra7 Rxc2+ 30. Rf2 Nd1 31. Rxa6+ Ke7 32. Ra7+ Ke6 33.
Ra6+ Kd5 34. Kf3 Nxf2 35. Bxf2 Rc3+ 36. Be3 f5 37. Ra5+ Kd6 38. Ra6+ Rc6 39. Ra5
Rxh3 40. Ra2 f4 41. Bf2 fxg3 42. Bg1 Rc3+ 43. Kg4 Rh1 44. Ba7 Kd5 45. Rg2 Rb1
46. Rd2+ Kc4 47. Re2 Rb5 48. Bg1 Kb3 49. Re1 Kc4 50. Re4+ Kd5 51. Re1 Rb4+ 52.
Kf5 Rf4+ 53. Kg5 g2 54. Re2 Rg3+ 55. Kh5 Rg8 56. Rd2+ Ke6 57. Ra2 Kf5 58. Kh6
Rh4# 0-1

[Event "chess.com Speed 1m+1spm 2018"]
[Site "chess.com INT"]
[Date "2018.08.30"]
[Round "1.17"]
[White "Andriasian, Zaven"]
[Black "Vidit, Santosh Gujrathi"]
[Result "0-1"]
[WhiteTitle "GM"]
[BlackTitle "GM"]
[WhiteElo "2591"]
[BlackElo "2718"]
[WhiteFideId "13302000"]
[BlackFideId "5029465"]
[EventDate "2018.07.24"]

1. e4 c6 2. d3 d5 3. Nd2 e5 4. Ngf3 Bd6 5. g3 Nf6 6. Bg2 O-O 7. O-O Nbd7 8. Re1
Re8 9. h3 a5 10. Nh4 a4 11. Nf1 Bf8 12. a3 Nc5 13. Qf3 Ne6 14. c3 d4 15. c4 g6
16. Qe2 Nd7 17. Nf3 Bg7 18. Rb1 Ndc5 19. h4 h5 20. Ng5 f6 21. Nxe6 Bxe6 22. Nd2
Rb8 23. Qd1 Nxd3 24. Rf1 Nc5 25. b4 axb3 26. Nxb3 Nxb3 27. Qxb3 b5 28. Rd1 bxc4
29. Qc2 Rxb1 30. Qxb1 Qb8 31. Qa1 c3 32. Bf1 c5 33. a4 c4 34. a5 Qb5 35. a6 Ra8
36. a7 Qc5 37. Qa6 Bf7 38. Qb7 Qxa7 39. Qc6 Qa4 40. Qb7 c2 41. Re1 d3 42. Be3
Rd8 43. Bd2 Qd7 44. Qb4 Rc8 45. Qc3 Bf8 46. Ra1 Bc5 47. Ra6 Bd4 48. Qa5 c3 49.
Bh6 d2 50. Rxf6 d1=Q 51. Qa6 Q7g4 52. Kh2 Qxf1 53. Rxg6+ Qxg6 54. Qxc8+ Be8 0-1

[Event "chess.com Speed 1m+1spm 2018"]
[Site "chess.com INT"]
[Date "2018.08.30"]
[Round "1.18"]
[White "Vidit, Santosh Gujrathi"]
[Black "Andriasian, Zaven"]
[Result "0-1"]
[WhiteTitle "GM"]
[BlackTitle "GM"]
[WhiteElo "2718"]
[BlackElo "2591"]
[WhiteFideId "5029465"]
[BlackFideId "13302000"]
[EventDate "2018.07.24"]

1. e4 c5 2. Nf3 d6 3. Bb5+ Nc6 4. O-O Bd7 5. Re1 Nf6 6. h3 g6 7. c3 Bg7 8. d4
O-O 9. Bf1 Rc8 10. e5 dxe5 11. d5 Na5 12. Nxe5 Ne8 13. Bf4 Nd6 14. Nd2 b5 15.
Qf3 Nab7 16. Rad1 c4 17. Bg5 Bxe5 18. Rxe5 f6 19. Bxf6 exf6 20. Re3 Qc7 21. Rde1
Rce8 22. h4 Rxe3 23. Rxe3 Nf5 24. h5 Nxe3 0-1

[Event "chess.com Speed 1m+1spm 2018"]
[Site "chess.com INT"]
[Date "2018.08.30"]
[Round "1.19"]
[White "Andriasian, Zaven"]
[Black "Vidit, Santosh Gujrathi"]
[Result "0-1"]
[WhiteTitle "GM"]
[BlackTitle "GM"]
[WhiteElo "2591"]
[BlackElo "2718"]
[WhiteFideId "13302000"]
[BlackFideId "5029465"]
[EventDate "2018.07.24"]

1. e4 c6 2. d3 d5 3. Nd2 e5 4. Ngf3 Bd6 5. d4 exd4 6. exd5 cxd5 7. Nxd4 Nc6 8.
N2f3 Nf6 9. Be2 O-O 10. O-O h6 11. c3 Re8 12. h3 Bc7 13. Re1 a6 14. Bd3 Rxe1+
15. Qxe1 Qd6 16. Be3 Bd7 17. Qd2 Ne4 18. Qc2 Re8 19. Rd1 Nxd4 20. Bxd4 Ng5 21.
Ne5 Rxe5 22. Bxe5 Qxe5 23. g3 Nxh3+ 24. Kg2 Bb6 25. Qe2 Qxe2 26. Bxe2 Nxf2 27.
Re1 Ne4 28. Bf3 f5 29. c4 dxc4 30. Rd1 Bc6 0-1

[Event "chess.com Speed 1m+1spm 2018"]
[Site "chess.com INT"]
[Date "2018.08.30"]
[Round "1.20"]
[White "Vidit, Santosh Gujrathi"]
[Black "Andriasian, Zaven"]
[Result "1-0"]
[WhiteTitle "GM"]
[BlackTitle "GM"]
[WhiteElo "2718"]
[BlackElo "2591"]
[WhiteFideId "5029465"]
[BlackFideId "13302000"]
[EventDate "2018.07.24"]

1. Nf3 d5 2. e3 Nf6 3. c4 g6 4. cxd5 Nxd5 5. d4 Bg7 6. e4 Nf6 7. Nc3 O-O 8. Be2
Bg4 9. O-O c6 10. Be3 Nbd7 11. e5 Nd5 12. Nxd5 cxd5 13. Qb3 Nb6 14. h3 Be6 15.
Rfc1 Qd7 16. Bb5 Qd8 17. a4 Nc4 18. Bxc4 dxc4 19. Qxb7 Bd5 20. Qa6 Qd7 21. Nd2
Rfc8 22. Nxc4 Rab8 23. Nd2 h5 24. b3 Kh7 25. Qd3 Qb7 26. f3 Rd8 27. Rc3 Be6 28.
Qe2 Kg8 29. Rac1 Qb4 30. Ne4 Bd5 31. Nc5 h4 32. Na6 Qb6 33. Nxb8 Qxb8 34. Bf2
Qb4 35. Bxh4 Qxd4+ 36. Bf2 Qb4 37. Rd3 e6 38. Rcd1 Rc8 39. Qd2 Qa3 40. Rxd5 exd5
41. Qxd5 Qe7 42. f4 Rc2 43. Qd8+ Bf8 44. Qxe7 Bxe7 45. Rd7 Bb4 46. Rxa7 Rc1+ 47.
Kh2 Rc2 48. Rb7 Bd2 49. Bg3 Be3 50. h4 Rc1 51. a5 Ra1 52. b4 Rb1 53. a6 Ra1 54.
b5 Ra3 55. h5 gxh5 56. f5 h4 57. Bxh4 Bf4+ 58. g3 Bxe5 59. Kh3 Kg7 60. f6+ Kg6
61. a7 Kf5 62. b6 Ra1 63. Rb8 Rh1+ 64. Kg2 1-0

[Event "chess.com Speed 1m+1spm 2018"]
[Site "chess.com INT"]
[Date "2018.08.30"]
[Round "1.21"]
[White "Andriasian, Zaven"]
[Black "Vidit, Santosh Gujrathi"]
[Result "0-1"]
[WhiteTitle "GM"]
[BlackTitle "GM"]
[WhiteElo "2591"]
[BlackElo "2718"]
[WhiteFideId "13302000"]
[BlackFideId "5029465"]
[EventDate "2018.07.24"]

1. e4 c6 2. d4 d5 3. e5 Bf5 4. h4 h5 5. Bd3 Bxd3 6. Qxd3 Qa5+ 7. Nd2 e6 8. Nf3
Qa6 9. c4 Ne7 10. b3 Nf5 11. a4 Nd7 12. O-O Be7 13. g3 Rd8 14. Qc3 O-O 15. c5 b6
16. b4 bxc5 17. bxc5 Rb8 18. Re1 Bd8 19. a5 Rb5 20. Qc2 Rxa5 21. Bb2 Rxa1 22.
Rxa1 Qb7 23. Bc3 Be7 24. Qa4 Ra8 25. Nb3 Nb8 26. Na5 Qa6 27. Qb3 Bd8 28. Nb7 Qe2
29. Be1 Be7 30. Ra2 Qe4 31. Nd6 Bxd6 32. cxd6 Nd7 33. Qb7 Rb8 34. Qxd7 Qxf3 35.
Rxa7 Rb1 36. Qd8+ Kh7 37. Qa5 Qe2 38. d7 Rxe1+ 39. Qxe1 Qxe1+ 40. Kg2 Qe4+ 41.
Kg1 Qxd4 42. Rc7 Nxg3 43. d8=Q Ne2+ 44. Kg2 Qg4+ 45. Kf1 Nf4 46. Qg5 Qd1# 0-1

[Event "chess.com Speed 1m+1spm 2018"]
[Site "chess.com INT"]
[Date "2018.08.30"]
[Round "1.22"]
[White "Vidit, Santosh Gujrathi"]
[Black "Andriasian, Zaven"]
[Result "1-0"]
[WhiteTitle "GM"]
[BlackTitle "GM"]
[WhiteElo "2718"]
[BlackElo "2591"]
[WhiteFideId "5029465"]
[BlackFideId "13302000"]
[EventDate "2018.07.24"]

1. Nf3 d5 2. e3 Nc6 3. d4 e6 4. c4 Nf6 5. Nc3 Bd6 6. Be2 dxc4 7. Bxc4 O-O 8. O-O
e5 9. h3 Qe7 10. a3 Bf5 11. Re1 e4 12. Nd2 h5 13. Bf1 h4 14. Nc4 Rad8 15. Bd2
Rfe8 16. Rc1 a6 17. b4 Bg6 18. b5 axb5 19. Nxb5 Nd5 20. Qb3 Qg5 21. Nbxd6 cxd6
22. Qxb7 Nce7 23. a4 Bf5 24. Kh2 Rb8 25. Qa6 Ra8 26. Qxd6 Rxa4 27. Ra1 Rxa1 28.
Rxa1 Be6 29. Ra5 Qf6 30. Kg1 Rc8 31. Qe5 Qg6 32. Nd6 Nc6 33. Nxc8 Nxe5 34. dxe5
Kh7 35. Nd6 Ne7 36. Kh2 Nf5 37. Nxe4 Ne7 38. Nc5 Bf5 39. Ra6 Qh5 40. Rd6 Bg6 41.
Bc3 Nf5 42. Rd2 Qg5 43. Ne4 Qh6 44. Nd6 Nxe3 45. fxe3 Qxe3 46. Nb5 Qf4+ 47. Kg1
Qe3+ 48. Rf2 Bd3 49. Bd2 Qe4 50. Nd6 Qd4 51. Bxd3+ Qxd3 52. Nxf7 Qd4 53. e6 Kg6
54. Ng5 Qa1+ 55. Kh2 Qe5+ 56. Kg1 Qa1+ 57. Rf1 Qd4+ 58. Kh1 Qxd2 59. Nf3 Qe3 60.
Re1 Qxe1+ 61. Nxe1 Kf6 62. Nf3 Kxe6 63. Nxh4 1-0

[Event "chess.com Speed 1m+1spm 2018"]
[Site "chess.com INT"]
[Date "2018.08.30"]
[Round "1.23"]
[White "Andriasian, Zaven"]
[Black "Vidit, Santosh Gujrathi"]
[Result "0-1"]
[WhiteTitle "GM"]
[BlackTitle "GM"]
[WhiteElo "2591"]
[BlackElo "2718"]
[WhiteFideId "13302000"]
[BlackFideId "5029465"]
[EventDate "2018.07.24"]

1. e4 c6 2. d3 d5 3. Nd2 e5 4. Ngf3 Bd6 5. g3 Nf6 6. Bg2 O-O 7. O-O Nbd7 8. Re1
Re8 9. b3 a5 10. a3 b5 11. Bb2 Bb7 12. Qe2 d4 13. Nh4 a4 14. h3 axb3 15. cxb3 g6
16. Rf1 Nh5 17. Nf5 Bf8 18. Nf3 gxf5 19. Nh4 Ng7 20. exf5 Qg5 21. Rae1 Bxa3 22.
Bxa3 Rxa3 23. Be4 Nf6 24. Qf3 Rxb3 25. Ra1 Nxe4 26. Qxe4 Nh5 27. Ra7 Nf6 28. Qg2
Bc8 29. Qxc6 Bxf5 30. Ra6 Be6 31. Nf3 Qh5 32. h4 Rxd3 33. Ng5 h6 34. Nxe6 fxe6
35. Qb7 Qf7 36. Qxb5 Rf3 37. Rb6 Nd5 38. Rb7 Re7 39. Rb8+ Kh7 40. Qb1+ d3 41.
Qe1 Qf5 42. Qa5 Rf7 43. Qd8 Rxg3+ 0-1

[Event "chess.com Speed 1m+1spm 2018"]
[Site "chess.com INT"]
[Date "2018.08.30"]
[Round "1.24"]
[White "Vidit, Santosh Gujrathi"]
[Black "Andriasian, Zaven"]
[Result "1-0"]
[WhiteTitle "GM"]
[BlackTitle "GM"]
[WhiteElo "2718"]
[BlackElo "2591"]
[WhiteFideId "5029465"]
[BlackFideId "13302000"]
[EventDate "2018.07.24"]

1. Nf3 d5 2. e3 c5 3. d4 Nc6 4. c4 cxd4 5. exd4 Nf6 6. Nc3 g6 7. cxd5 Nxd5 8.
Bc4 e6 9. Bg5 Be7 10. Bh6 Nb6 11. Bb3 Bf8 12. Bg5 f6 13. Be3 Na5 14. O-O Bg7 15.
d5 Nxb3 16. Qxb3 Nxd5 17. Rfd1 Qe7 18. Nxd5 exd5 19. Qxd5 Be6 20. Qb5+ Kf7 21.
Bc5 Qc7 22. Nd4 Bd5 23. Ba3 Rhd8 24. Rac1 Qd7 25. Qxd7+ Rxd7 26. Nb5 Rad8 27. b3
a6 28. Nd6+ Rxd6 29. Bxd6 Rxd6 30. Rc7+ Kg8 31. Rc5 Bf8 32. Rcxd5 Rc6 33. g3 Rc2
34. R1d2 Rc6 35. Rd7 b5 36. Rb7 f5 37. Rd8 Rf6 38. Kg2 h6 39. Kf3 h5 40. Kf4 Re6
41. Kg5 a5 42. Rbb8 1-0

[Event "chess.com Speed 1m+1spm 2018"]
[Site "chess.com INT"]
[Date "2018.08.30"]
[Round "1.25"]
[White "Andriasian, Zaven"]
[Black "Vidit, Santosh Gujrathi"]
[Result "0-1"]
[WhiteTitle "GM"]
[BlackTitle "GM"]
[WhiteElo "2591"]
[BlackElo "2718"]
[WhiteFideId "13302000"]
[BlackFideId "5029465"]
[EventDate "2018.07.24"]

1. e4 c6 2. d3 d5 3. Nd2 e5 4. Ngf3 Bd6 5. g3 Nf6 6. Bg2 O-O 7. O-O Nbd7 8. Re1
Re8 9. Qe2 a5 10. Nf1 a4 11. a3 Bf8 12. h3 g6 13. N1h2 Bg7 14. Be3 dxe4 15. dxe4
Nxe4 16. Rad1 Qe7 17. Bc1 Nef6 18. Nd2 Nc5 19. Nc4 e4 20. Bf4 Ne6 21. Bd6 Qd8
22. Be5 Nd5 23. Bxg7 Kxg7 24. Qxe4 Qf6 25. Ng4 Qg5 26. Nd6 Rf8 27. c4 Nf6 28.
Nxf6 Qxf6 29. Qc2 Nc5 30. Re3 Be6 31. Rf3 Qe5 32. Re3 Qf6 33. Rde1 Rad8 34. Ne4
Nxe4 35. Bxe4 Bxh3 36. c5 Be6 37. R3e2 Bb3 38. Qc1 Rfe8 39. Re3 Re5 40. Bg2 Rxe3
41. Qxe3 Qxb2 42. Qe7 Rd1 43. Rxd1 Bxd1 44. Bf1 Bf3 45. Qe3 Bd5 46. f4 Qb1 47.
Kf2 Qe4 48. Qxe4 Bxe4 49. Ke3 Bd5 50. Bh3 Bc4 51. Bc8 Ba6 52. g4 h6 53. Kd4 Kf6
54. Ke3 g5 55. Ke4 gxf4 56. Kxf4 Kg6 57. Bf5+ Kg7 58. Bc8 Kf6 59. Bf5 Ke7 60.
Bc8 Kd8 61. Bf5 Kc7 62. Ke5 b6 63. cxb6+ Kxb6 64. Kf6 Bc4 65. Kg7 Bb3 66. Kxh6
c5 67. Kg7 c4 68. Kxf7 c3+ 69. Kf6 Kc5 70. Bc2 Bxc2 0-1

[Event "chess.com Speed 5m+1spm 2018"]
[Site "chess.com INT"]
[Date "2018.09.06"]
[Round "1.1"]
[White "Karjakin, Sergey"]
[Black "Duda, Jan-Krzysztof"]
[Result "1-0"]
[WhiteTitle "GM"]
[BlackTitle "GM"]
[WhiteElo "2773"]
[BlackElo "2737"]
[WhiteFideId "14109603"]
[BlackFideId "1170546"]
[EventDate "2018.07.24"]

1. e4 c5 2. Nf3 d6 3. d4 cxd4 4. Nxd4 Nf6 5. Nc3 a6 6. Be2 e5 7. Nb3 Be7 8. Be3
O-O 9. g4 Be6 10. g5 Nfd7 11. Qd2 Nb6 12. Nd5 Nxd5 13. exd5 Bf5 14. f4 Nd7 15.
fxe5 Nxe5 16. Rf1 Be4 17. Rf4 Bg6 18. h4 Rc8 19. Nd4 h5 20. b3 Qd7 21. O-O-O Bd8
22. Rdf1 Bb6 23. Nf5 Bxf5 24. Rxf5 Bxe3 25. Qxe3 g6 26. Rf6 Rc5 27. Kb2 Rfc8 28.
Rc1 Rxd5 29. c4 Rdc5 30. Rd1 Qe7 31. Qd2 b5 32. Qxd6 Qxd6 33. Rfxd6 bxc4 34.
Rd8+ Kg7 35. Rxc8 Rxc8 36. Rd5 c3+ 37. Kc2 Nc6 38. a3 Ne7 39. Rd7 Nf5 40. Bc4
Nxh4 41. Rxf7+ Kh8 42. Bxa6 Ra8 43. Rf6 Kg7 44. a4 Nf5 45. Kxc3 h4 46. Bf1 Ra5
47. Kb4 Re5 48. a5 Nd4 49. a6 Rxg5 50. a7 Kxf6 51. a8=Q Rg4 52. Kc3 Nf5 53. Qd8+
Kg7 54. Qc7+ Kh6 55. Qe5 Rg3+ 56. Kb2 Ne3 57. Qf4+ Kg7 58. Bd3 Ng2 59. Qe5+ Kh6
60. Be4 Ne3 61. Qf4+ Kh5 62. Bf3+ Ng4 63. b4 g5 64. Qf5 1-0

[Event "chess.com Speed 5m+1spm 2018"]
[Site "chess.com INT"]
[Date "2018.09.06"]
[Round "1.2"]
[White "Duda, Jan-Krzysztof"]
[Black "Karjakin, Sergey"]
[Result "1-0"]
[WhiteTitle "GM"]
[BlackTitle "GM"]
[WhiteElo "2737"]
[BlackElo "2773"]
[WhiteFideId "1170546"]
[BlackFideId "14109603"]
[EventDate "2018.07.24"]

1. e4 e5 2. Nf3 Nc6 3. Bb5 Nf6 4. O-O Nxe4 5. d4 Nd6 6. Bxc6 dxc6 7. dxe5 Nf5 8.
Qxd8+ Kxd8 9. h3 Ke8 10. Nc3 h5 11. Bf4 Be7 12. Rfe1 Be6 13. Ne4 h4 14. c3 Rd8
15. Nfg5 Rh6 16. Nxe6 Rxe6 17. g4 hxg3 18. fxg3 c5 19. Kg2 c4 20. Re2 Rd3 21.
Nf2 Rd5 22. h4 a5 23. Rae1 b5 24. h5 g5 25. Bc1 b4 26. Re4 Rc6 27. g4 Ng7 28.
Rd4 Rb5 29. Ree4 bxc3 30. bxc3 Ne6 31. Rxc4 Rxc4 32. Rxc4 Rxe5 33. Kf3 f5 34.
Be3 Kf7 35. Rc6 Bd6 36. Bd4 fxg4+ 37. Nxg4 Rf5+ 38. Ke3 Rf4 39. Ne5+ Kg7 40.
Nc4+ Nxd4 41. cxd4 Rf6 42. Ke4 Kh6 43. Nxa5 g4 44. Rc1 g3 45. a4 Kxh5 46. Nc4
Kg4 47. Ne3+ Kg5 48. Rg1 Rf4+ 49. Kd3 Rf2 50. a5 Ra2 51. Nc4 Kg4 52. Ke4 Bf4 53.
Rf1 g2 54. Rxf4+ Kh5 55. Rf8 Kh4 56. Rg8 Kh3 57. Ne3 Rxa5 58. Nxg2 Ra4 59. Nf4+
Kh4 60. Ne6 c6 61. Nc5 Ra1 62. Rg6 1-0

[Event "chess.com Speed 5m+1spm 2018"]
[Site "chess.com INT"]
[Date "2018.09.06"]
[Round "1.3"]
[White "Karjakin, Sergey"]
[Black "Duda, Jan-Krzysztof"]
[Result "1/2-1/2"]
[WhiteTitle "GM"]
[BlackTitle "GM"]
[WhiteElo "2773"]
[BlackElo "2737"]
[WhiteFideId "14109603"]
[BlackFideId "1170546"]
[EventDate "2018.07.24"]

1. e4 c5 2. Nf3 d6 3. Bb5+ Bd7 4. c4 g6 5. Nc3 Bg7 6. d4 cxd4 7. Nxd4 Nf6 8. O-O
O-O 9. f3 Bxb5 10. cxb5 a6 11. Be3 axb5 12. Ndxb5 Nc6 13. Rc1 Qa5 14. a3 Rfc8
15. b4 Qd8 16. Qb3 Ne5 17. Na4 Rc6 18. Nb2 d5 19. Bd4 Rxc1 20. Rxc1 Nc6 21. Bxf6
Bxf6 22. exd5 Qb6+ 23. Kh1 Qxb5 24. dxc6 bxc6 25. a4 Qg5 26. Qc2 Bxb2 27. Qxb2
Rxa4 28. Rxc6 Ra8 29. h3 Qb5 30. Rc1 Rb8 31. Qd4 e5 32. Qd6 Kg7 33. Rc5 Qxb4 34.
Qxe5+ Kg8 35. Kh2 1/2-1/2

[Event "chess.com Speed 5m+1spm 2018"]
[Site "chess.com INT"]
[Date "2018.09.06"]
[Round "1.4"]
[White "Duda, Jan-Krzysztof"]
[Black "Karjakin, Sergey"]
[Result "1-0"]
[WhiteTitle "GM"]
[BlackTitle "GM"]
[WhiteElo "2737"]
[BlackElo "2773"]
[WhiteFideId "1170546"]
[BlackFideId "14109603"]
[EventDate "2018.07.24"]

1. e4 c5 2. Nf3 d6 3. d4 cxd4 4. Nxd4 Nf6 5. Nc3 a6 6. f3 e5 7. Nb3 Be6 8. Be3
h5 9. Nd5 Bxd5 10. exd5 Nbd7 11. Qd2 g6 12. Be2 Rc8 13. c4 Bg7 14. O-O O-O 15.
Na5 Qc7 16. Rac1 e4 17. f4 Ng4 18. Bxg4 hxg4 19. b4 Nf6 20. c5 dxc5 21. d6 Qd7
22. bxc5 g3 23. h3 Qb5 24. Rfd1 Nd7 25. Rb1 Qa4 26. Nxb7 Kh7 27. Rb4 Qa3 28. Rb3
Qa4 29. Rdb1 a5 30. Nxa5 Nxc5 31. Qb4 Qxb4 32. Rxb4 Nd3 33. Rxe4 Rfd8 34. Nb7
Rd7 35. Kf1 f5 36. Re7 Rxe7 37. dxe7 Re8 38. Ke2 Nb2 39. Bc5 Na4 40. Bb4 Nc3+
41. Bxc3 Bxc3 42. Kd3 Bf6 43. Nd6 Rxe7 44. Rb7 Kg8 45. Rxe7 Bxe7 46. Nc4 Kf7 47.
Ne5+ Kf6 48. a4 g5 49. a5 gxf4 50. a6 f3 51. Nxf3 Bc5 52. Kc4 1-0

[Event "chess.com Speed 5m+1spm 2018"]
[Site "chess.com INT"]
[Date "2018.09.06"]
[Round "1.5"]
[White "Karjakin, Sergey"]
[Black "Duda, Jan-Krzysztof"]
[Result "1-0"]
[WhiteTitle "GM"]
[BlackTitle "GM"]
[WhiteElo "2773"]
[BlackElo "2737"]
[WhiteFideId "14109603"]
[BlackFideId "1170546"]
[EventDate "2018.07.24"]

1. b3 d5 2. Bb2 c5 3. e3 Nc6 4. Nf3 Nf6 5. Bb5 Bd7 6. c4 a6 7. Bxc6 Bxc6 8. Ne5
Rc8 9. O-O e6 10. d3 Be7 11. Nd2 O-O 12. f4 Nd7 13. Nxc6 Rxc6 14. e4 d4 15. e5
b5 16. Ne4 Rb6 17. Bc1 Qa8 18. Qf3 bxc4 19. bxc4 Rfb8 20. Bd2 g6 21. Be1 Rb2 22.
g4 Qb7 23. Bg3 Qc8 24. f5 Qe8 25. fxe6 fxe6 26. Nd6 Bxd6 27. exd6 Rc2 28. Rae1
Kg7 29. Qe4 Rxa2 30. Qxe6 Qxe6 31. Rxe6 Kg8 32. Re7 Rb7 33. Be5 1-0

[Event "chess.com Speed 5m+1spm 2018"]
[Site "chess.com INT"]
[Date "2018.09.06"]
[Round "1.6"]
[White "Duda, Jan-Krzysztof"]
[Black "Karjakin, Sergey"]
[Result "0-1"]
[WhiteTitle "GM"]
[BlackTitle "GM"]
[WhiteElo "2737"]
[BlackElo "2773"]
[WhiteFideId "1170546"]
[BlackFideId "14109603"]
[EventDate "2018.07.24"]

1. e4 e5 2. Nf3 Nc6 3. Bb5 a6 4. Bxc6 dxc6 5. O-O Qf6 6. d4 exd4 7. Bg5 Qd6 8.
Nxd4 Ne7 9. Nc3 Bd7 10. Nb3 Qxd1 11. Raxd1 b6 12. Rd2 O-O-O 13. Rfd1 f6 14. Be3
Ng6 15. Nc1 Bb4 16. N1e2 Ne5 17. b3 Be6 18. Rxd8+ Rxd8 19. Rxd8+ Kxd8 20. h3 c5
21. Nd5 a5 22. c4 a4 23. Nxb4 cxb4 24. Nd4 Bd7 25. Kf1 c5 26. Nc2 Nc6 27. Ke1
Na5 28. Nxb4 Be6 29. Kd2 axb3 30. axb3 Bxc4 31. Nc6+ Nxc6 32. bxc4 Kd7 33. Kc3
Ne7 34. Bf4 Kc6 35. f3 b5 36. cxb5+ Kxb5 37. Bd6 Ng6 38. g3 Kc6 39. Bb8 Nf8 40.
Kc4 Nd7 41. Bf4 g5 42. Be3 Ne5+ 43. Kc3 Nxf3 44. Kc4 Ne5+ 45. Kc3 Kb5 46. Bf2
Nc4 47. Bg1 h5 48. Bf2 Ne5 49. Be3 Nf7 50. Bd2 Nd6 51. Kd3 Nc4 52. Bc3 Ne5+ 53.
Kc2 Kc4 54. Ba1 Kb5 55. Kd2 c4 56. Ke3 Kc5 57. Bd4+ Kb4 58. Ke2 c3 59. Kd1 Kc4
60. Bb6 Kd3 61. Bd8 Nd7 62. h4 gxh4 63. gxh4 c2+ 64. Kc1 Nc5 0-1

[Event "chess.com Speed 5m+1spm 2018"]
[Site "chess.com INT"]
[Date "2018.09.06"]
[Round "1.7"]
[White "Karjakin, Sergey"]
[Black "Duda, Jan-Krzysztof"]
[Result "1-0"]
[WhiteTitle "GM"]
[BlackTitle "GM"]
[WhiteElo "2773"]
[BlackElo "2737"]
[WhiteFideId "14109603"]
[BlackFideId "1170546"]
[EventDate "2018.07.24"]

1. d4 Nf6 2. Bf4 c5 3. d5 b5 4. f3 g6 5. e4 Bg7 6. Nh3 O-O 7. Nf2 d6 8. Be2 Na6
9. O-O Nc7 10. c3 a5 11. a4 b4 12. c4 Nh5 13. Bc1 e5 14. g3 Ne8 15. f4 exf4 16.
gxf4 Qh4 17. Bxh5 gxh5 18. Nd2 Qxf4 19. Nf3 Qf6 20. Bg5 Qg6 21. Kh1 Nf6 22. Bxf6
Qxf6 23. e5 dxe5 24. Ne4 Qb6 25. Nfg5 h6 26. Nxf7 Bg4 27. Qd3 Rxf7 28. Rxf7 Kxf7
29. Rf1+ Kg8 30. Nf6+ Qxf6 31. Rxf6 Bxf6 32. d6 Rf8 33. Qd5+ Kh8 34. Qxc5 Bg7
35. Kg2 e4 36. h3 Be6 37. b3 Bf6 38. Qe3 Rg8+ 39. Kf1 Bg5 40. Qxe4 Bxh3+ 41. Kf2
h4 42. Qe5+ Rg7 43. Qxa5 Bd7 44. Qa8+ Kh7 45. Qe4+ Kg8 46. a5 Rf7+ 47. Ke2 h3
48. a6 Bf5 49. Qb7 Bg4+ 50. Kd3 Bf3 51. Qc8+ Kg7 52. Qxh3 Bc6 53. Qe6 Rf3+ 54.
Kd4 Rf7 55. Kc5 Bd7 56. Qe5+ Bf6 57. Qg3+ Bg5 58. Kxb4 Bc6 59. Ka5 Kg6 60. b4
Be4 61. b5 h5 62. Qe5 Bd2+ 63. Kb6 Bf3 64. c5 h4 65. d7 Bg5 66. c6 h3 67. a7 1-0

[Event "chess.com Speed 5m+1spm 2018"]
[Site "chess.com INT"]
[Date "2018.09.06"]
[Round "1.8"]
[White "Duda, Jan-Krzysztof"]
[Black "Karjakin, Sergey"]
[Result "1-0"]
[WhiteTitle "GM"]
[BlackTitle "GM"]
[WhiteElo "2737"]
[BlackElo "2773"]
[WhiteFideId "1170546"]
[BlackFideId "14109603"]
[EventDate "2018.07.24"]

1. e4 e5 2. Nf3 Nc6 3. Bb5 Nf6 4. O-O Nxe4 5. d4 Nd6 6. Bxc6 dxc6 7. dxe5 Nf5 8.
Qxd8+ Kxd8 9. h3 a5 10. Nc3 h6 11. Ne2 b6 12. Re1 c5 13. Nf4 g5 14. Rd1+ Bd7 15.
e6 Bd6 16. exd7 gxf4 17. Rd5 Ne7 18. Rh5 Kxd7 19. Bd2 f6 20. Rd1 Ke6 21. c4 Rae8
22. Bc3 Kf7 23. Nh4 Reg8 24. Nf5 Nxf5 25. Rxf5 Rg6 26. Re1 Rhg8 27. Kh1 a4 28.
f3 c6 29. h4 Be7 30. Re2 b5 31. Rxf4 b4 32. Bd2 Rd8 33. h5 Rgg8 34. g4 Rd3 35.
Rf5 Rh8 36. Kg2 Bd6 37. Be1 Rd4 38. Bh4 Rf4 39. Bxf6 Rxf5 40. Bxh8 Rf4 41. b3 a3
42. Kf2 Kg8 43. Be5 Bxe5 44. Rxe5 Rd4 45. Ke2 Kf7 46. Rxc5 Rd6 47. Re5 Kf6 48.
Rf5+ Kg7 49. Rf4 c5 50. Rf5 Rc6 51. f4 Rc7 52. Rd5 Re7+ 53. Kf3 Re1 54. Rd2 Rb1
55. g5 Rb2 56. Re2 hxg5 57. fxg5 Kh7 58. Re7+ Kg8 59. g6 Rh2 60. Re5 Kg7 61.
Rxc5 Rxa2 62. Rc7+ Kf8 63. h6 Rh2 64. g7+ Kg8 65. Rc8+ 1-0